Statistics for 1990s Albums (Medium)

Click here to take the quiz!

General Stats

  • This quiz has been taken 133 times
    (63 since last reset)
  • The average score is 13 of 20

Answer Stats

Answer% Correct
In Utero - Nirvana
90%
The Bends - Radiohead
83%
Metallica - Metallica
77%
Definitely Maybe - Oasis
73%
Enter the Wu-Tang - Wu-Tang Clan
73%
The Miseducation of Lauryn Hill - Lauryn Hill
73%
Use Your Illusion I - Guns N' Roses
73%
Get A Grip - Aerosmith
72%
The Razors Edge - AC/DC
72%
Ten - Pearl Jam
68%
Illmatic - Nas
67%
Jagged Little Pill - Alanis Morissette
67%
Life After Death - The Notorious B.I.G.
67%
The Writing's on the Wall - Destiny's Child
65%
CrazySexyCool - TLC
62%
Siamese Dream - Smashing Pumpkins
58%
Come On Over - Shania Twain
53%
Achtung Baby - U2
52%
No Fences - Garth Brooks
47%
The Velvet Rope - Janet Jackson
35%

Score Distribution

Percentile by Number Answered

Percent of People with Each Score

Your Score History

You have not taken this quiz since the last reset